<?xml version="1.0" encoding="UTF-8"?><?xml-stylesheet type="text/xsl" href="static/style.xsl"?><OAI-PMH xmlns="http://www.openarchives.org/OAI/2.0/" xmlns:xsi="http://www.w3.org/2001/XMLSchema-instance" xsi:schemaLocation="http://www.openarchives.org/OAI/2.0/ http://www.openarchives.org/OAI/2.0/OAI-PMH.xsd"><responseDate>2026-04-28T15:40:06Z</responseDate><request verb="GetRecord" identifier="oai:riubu.ubu.es:10259/11167" metadataPrefix="marc">https://riubu.ubu.es/oai/request</request><GetRecord><record><header><identifier>oai:riubu.ubu.es:10259/11167</identifier><datestamp>2025-12-19T01:05:43Z</datestamp><setSpec>com_10259_6781</setSpec><setSpec>com_10259_5086</setSpec><setSpec>com_10259_2604</setSpec><setSpec>col_10259_10930</setSpec></header><metadata><record xmlns="http://www.loc.gov/MARC21/slim" xmlns:doc="http://www.lyncode.com/xoai" xmlns:xsi="http://www.w3.org/2001/XMLSchema-instance" xmlns:dcterms="http://purl.org/dc/terms/" xsi:schemaLocation="http://www.loc.gov/MARC21/slim http://www.loc.gov/standards/marcxml/schema/MARC21slim.xsd">
<leader>00925njm 22002777a 4500</leader>
<datafield tag="042" ind1=" " ind2=" ">
<subfield code="a">dc</subfield>
</datafield>
<datafield tag="720" ind1=" " ind2=" ">
<subfield code="a">Cantera Cuartango, José Manuel</subfield>
<subfield code="e">author</subfield>
</datafield>
<datafield tag="260" ind1=" " ind2=" ">
<subfield code="c">2025-10</subfield>
</datafield>
<datafield tag="520" ind1=" " ind2=" ">
<subfield code="a">El presente trabajo de investigación tiene como objeto estudiar el grado de implementación del principio de desarrollo sostenible en los asentamientos inhumanos y en el patrimonio urbano recogido en la legislación urbanística y territorial de los países del continente americano. Para ello, en primer lugar, analizaremos cuál es el tratamiento que tienen los asentamientos inhumanos y el patrimonio urbano sostenible en los textos internacionales. En segundo lugar, estudiaremos cómo actúan los elementos patrimoniales en los asentamientos inhumanos –y dentro de éstos en sus diferentes tipologías (asentamientos inhumanos absolutos, asentamientos inhumanos intermedios y asentamientos inhumanos en transición a ciudades ordenadas)– y el patrimonio urbano sostenible o insostenible en las ciudades ordenadas a través de la rehabilitación, regeneración y renovación urbana, aportando soluciones jurídicas de carácter urbanístico de distinta clase y naturaleza. Por último, realizaremos un examen particular de la influencia y repercusión que la sostenibilidad patrimonial urbana tiene en los asentamientos inhumanos e irregulares y en las ciudades ordenadas en la normativa urbanística de Brasil.</subfield>
</datafield>
<datafield tag="520" ind1=" " ind2=" ">
<subfield code="a">O objetivo deste trabalho de pesquisa é estudar o grau de implementação do princípio do desenvolvimento sustentável nos assentamentos desumanos e no patrimônio urbano incluído na legislação urbanística e territorial dos países do continente americano. Para isso, em primeiro lugar, analisaremos o tratamento que os assentamentos desumanos e o patrimônio urbano sustentável têm nos textos internacionais. Em segundo lugar, estudaremos como os elementos patrimoniais actuam nos assentamentos desumanos –e dentro destes nas suas diferentes tipologias (assentamentos desumanos absolutos, assentamentos desumanos intermédios e assentamentos desumanos em transição para cidades ordenadas)– e o património urbano sustentável ou insustentável nas cidades ordenadas através de reabilitação, regeneração e renovação urbana, proporcionando soluções jurídicas de natureza urbana de diversas naturezas e naturezas. Por fim, faremos um exame particular da influência e do impacto que a sustentabilidade do patrimônio urbano tem sobre os assentamentos desumanos e irregulares e sobre as cidades ordenadas nas regulamentações de planejamento urbano do Brasil.</subfield>
</datafield>
<datafield tag="520" ind1=" " ind2=" ">
<subfield code="a">The purpose of this research work is to study the degree of implementation of the principle of sustainable development in inhuman settlements and in the urban heritage included in the urban and territorial legislation of the countries of the American continent. To do this, first of all, we will analyze the treatment that inhuman settlements and sustainable urban heritage have in international texts. Secondly, we will study how heritage elements act in inhuman settlements –and within these in their different typologies (absolute inhuman settlements, intermediate inhuman settlements and inhuman settlements in transition to ordered cities)– and the sustainable or unsustainable urban heritage in the ordered cities through rehabilitation, regeneration and urban renewal, providing legal solutions of an urban nature of different kinds and nature. Finally, we will carry out a particular examination of the influence and impact that urban heritage sustainability has on inhumane and irregular settlements and on cities ordered in the urban planning regulations of Brazil.</subfield>
</datafield>
<datafield tag="024" ind2=" " ind1="8">
<subfield code="a">978-85-68210-18-5</subfield>
</datafield>
<datafield tag="024" ind2=" " ind1="8">
<subfield code="a">https://hdl.handle.net/10259/11167</subfield>
</datafield>
<datafield ind1=" " ind2=" " tag="653">
<subfield code="a">Asentamientos inhumanos</subfield>
</datafield>
<datafield ind1=" " ind2=" " tag="653">
<subfield code="a">Patrimonio urbano sostenible</subfield>
</datafield>
<datafield ind1=" " ind2=" " tag="653">
<subfield code="a">Ciudades ordenadas</subfield>
</datafield>
<datafield ind1=" " ind2=" " tag="653">
<subfield code="a">Ciudades sostenibles</subfield>
</datafield>
<datafield ind1=" " ind2=" " tag="653">
<subfield code="a">Assentamentos desumanos</subfield>
</datafield>
<datafield ind1=" " ind2=" " tag="653">
<subfield code="a">Patrimônio urbano sustentável</subfield>
</datafield>
<datafield ind1=" " ind2=" " tag="653">
<subfield code="a">Cidades ordenadas</subfield>
</datafield>
<datafield ind1=" " ind2=" " tag="653">
<subfield code="a">Cidades sustentáveis</subfield>
</datafield>
<datafield ind1=" " ind2=" " tag="653">
<subfield code="a">Inhuman settlements</subfield>
</datafield>
<datafield ind1=" " ind2=" " tag="653">
<subfield code="a">Sustainable urban heritage</subfield>
</datafield>
<datafield ind1=" " ind2=" " tag="653">
<subfield code="a">Ordered cities</subfield>
</datafield>
<datafield ind1=" " ind2=" " tag="653">
<subfield code="a">Sustainable cities</subfield>
</datafield>
<datafield tag="245" ind1="0" ind2="0">
<subfield code="a">Asentamientos inhumanos y ciudades sostenibles</subfield>
</datafield>
</record></metadata></record></GetRecord></OAI-PMH>